| 000 | 00811nam a2200253 i 4500 | ||
|---|---|---|---|
| 001 | 17886 | ||
| 003 | ES-MaACL | ||
| 005 | 20230906151715.0 | ||
| 007 | t| | ||
| 008 | 010614s2000 sp ||||1| spa d | ||
| 020 | _a84-95481-10-3 | ||
| 080 | _a821.134.2.09 | ||
| 100 | 1 |
_aMartin Largo, José Ramón. _977535 |
|
| 245 | 1 | 3 |
_aLa judía de Toledo _b: desde Lope de Vega hasta Franz Grillparzer / _cJosé Ramón Martín Largo ; prólogo de Angel Gómez Moreno. |
| 260 |
_aMadrid : _bBrand, _cD.L. 2000. |
||
| 300 |
_a294 p. ; _c21 cm. |
||
| 490 | 1 | _aAuryn ensayo | |
| 650 | 1 | 4 |
_aLiteratura española- _xTemas. _914575 |
| 650 | 1 | 4 |
_aJudíos- _xEn la literatura. _9154993 |
| 700 | 1 |
_aGómez Moreno, Angel. _958064 |
|
| 830 | 0 |
_aAuryn ensayo _9180352 |
|
| 852 |
_aES-MaACL _jL-24667 |
||
| 999 |
_c17886 _d17886 |
||